000 01022cab a2200385 4500
001 ABS60452
008 090401t1999 xxu||||| |||| 00| 0 eng d
035 _a(Sirsi) u93268
041 _aeng
245 _aOffice trends `99
260 _c1999
350 _a0
490 _aEstates Gazette
_v(9918) 8 May 1999, supplement 1-72(43)
650 _aBCO
650 _aBUSINESS PARKS
650 _aCALL CENTRES
650 _aDESIGN
650 _aDEVOLUTION
650 _aEURO
650 _aFUTURE-PROOF BUILDINS
650 _aGLOBALISATION
650 _aGLOBALIZATION
650 _aINTERIOR DESIGN
650 _aMERGERS
650 _aMILLENNIUM BUG
650 _aPROPERTY-COMMERCIAL PROPERTY-OFFICE PROPERTY-OFFICE PROPERTY MARKET
650 _aOFFICE PROPERTY
650 _aRATING REVALUATION
650 _aRUNNING COSTS
650 _aTRANSPORT
650 _aYEAR 2000 COMPLIANCE
690 _aPROPERTY-COMMERCIAL PROPERTY-COMMERCIAL PROPERTY MARKET
942 _n0
948 _c11/05/1999
999 _c59119
_d59119